000 00733nam a2200169Ia 4500
008 090711s9999 xx 000 0 und d
082 _b1198
100 _aभातखंडे विष्णु ना.
245 _aहिंदुस्थानी संगीत पद्धती (खंड 1)
260 _bपॉप्युलर प्रकाशन
_c1992
300 _a326
600 _aभातखंडे विष्णु ना.
630 _aहिंदुस्थानी संगीत पद्धती (खंड 1)
700 _aभातखंडे विष्णु ना.
730 _aहिंदुस्थानी संगीत पद्धती (खंड 1)
942 _cBOOK
999 _c336172
_d336172